| 000 | 00576nam a2200181Ia 4500 | ||
|---|---|---|---|
| 008 | 240729s9999 xx 000 0 und d | ||
| 022 | _a2799-7014 | ||
| 245 | 0 | _aJournal of Cardiovascular Intervention | |
| 260 | _aKorea, Republic of | ||
| 260 | _bKorean Society of Interventional Cardiology | ||
| 650 | _a Diseases of the circulatory (Cardiovascular) system | ||
| 650 | _a Internal medicine | ||
| 650 | _a Specialties of internal medicine | ||
| 650 | _aMedicine | ||
| 856 | _uhttps://doaj.org/toc/df92534700cb433383948893ecca7082 | ||
| 942 | _2ddc | ||
| 942 | _cDOAJEJ | ||
| 999 |
_c67295 _d67295 |
||
| 945 |
_a1 _bMadushi Gamage _c1 _dMadushi Gamage |
||